| 000 | 00423nam a22001697a 4500 | ||
|---|---|---|---|
| 003 | CEME | ||
| 005 | 20210628205322.0 | ||
| 008 | 210309b xxu||||| |||| 00| 0 eng d | ||
| 020 | _a0-330-23770-5 | ||
| 040 | _c. | ||
| 082 | _a940.53 HAR'H | ||
| 100 |
_aHart, B. H Liddell _946426 |
||
| 245 | _aHistory of the second world war | ||
| 260 |
_aRAWALPINDI _bARMY EDUCATION PRESS _c1998 |
||
| 300 | _a829P | ||
| 942 |
_cBK _2ddc |
||
| 999 |
_c580430 _d580430 |
||